00266nam a2200109Ia 4500100001500000250002100015942000700036245004100043260003900084082001400123999001900137 aJohn Hayes a3rd Edition 1998 cBK aComputer Organization & Architecture aMC Grawhill Book Int. Pub. Newyork a4.22bJOH c423191d423191